Obras Completas. Tomo V

Na minha lista:
Detalhes bibliográficos
Autor principal: Ortega y Gasset, José
Formato: Livro
Idioma:Spanish
Publicado em: Madrid, España Alianza Editores 1983
Assuntos:
Tags: Adicionar Tag
Sem tags, seja o primeiro a adicionar uma tag!

MARC

LEADER 00000nam a22000007a 4500
008 171127b xxu||||| |||| 00| 0 spa d
040 |a cru BVZT 
090 |a 100 O-9o T.5 
100 |a Ortega y Gasset, José 
245 |a Obras Completas. Tomo V  |c José Ortega y Gasset 
260 |a Madrid, España  |b Alianza Editores  |c 1983 
300 |a 632 páginas. Tomo V 
650 |a FILOSOFÍA 
650 |a EN TORNO A GALILEO 
650 |a ARTÍCULOS 1934 - 1941 
650 |a MISIÓN DEL BIBLIOTECARIO 
650 |a ENSIMISMAMIENTO Y ALTERACIÓN 
650 |a IDEAS Y CREENCIAS 
650 |a ESTUDIOS SOBRE EL AMOR 
942 |c SALA 
999 |c 15403  |d 15403